000 00649nam a2200265Ia 4500
003 OSt
005 20221007100436.0
006 a|||||r|||| 00| 0
007 ta
008 221006b |||||||| |||| 00| 0 eng d
020 _a0233968512
024 _a4,412
037 _cTextual
040 _aLCO
_cLCO
_beng
041 _2eng
_aeng
082 _a2:4, L7
100 _aJEFFERSON G.
245 0 _aLibrary co-operation
250 _a2nd.
260 _aLondon
_bAndre Deutsch U.K.
_c1977
300 _a189
650 _aLIBRARY CO-OPERATION
_9701692
942 _h2:4, L7
_cTEXL
999 _c1173975
_d1173975